00358nam a2200145Ia 4500003000400000005001700004008004100021040000900062082001900071100001800090245004300108260003700151300000900188650001500197OSt20201221152119.0190216s9999||||xx |||||||||||||| ||und|| coclc a894.812bTHA/A aTharakan, K M 0aAdunika Novel Darsanam /cK M Tharakan bNational Book Stall, aKottayam: a272p aNiroopanam